LIBRARY & INFORMATION CENTRE, KCAET, TAVANUR

ONLINE PUBLIC ACCESS CATALOGUE (OPAC)

Encyclopaedia of Cimate Change and Global Warming, Vol -4 (Record no. 14055)

MARC details
000 -LEADER
fixed length control field 00349nam a22001337a 4500
020 ## - INTERNATIONAL STANDARD BOOK NUMBER
ISBN 9789350300206
082 ## - DEWEY DECIMAL CLASSIFICATION NUMBER
Classification number 551.523
Item number MIT/EN
100 ## - MAIN ENTRY--AUTHOR NAME
Personal name Mittal, Vijay
245 ## - TITLE STATEMENT
Title Encyclopaedia of Cimate Change and Global Warming, Vol -4
260 ## - PUBLICATION, DISTRIBUTION, ETC. (IMPRINT)
Place of publication Jaipur
Name of publisher Oxford Book Company
Year of publication 2012
300 ## - PHYSICAL DESCRIPTION
Number of Pages 278
700 ## - ADDED ENTRY--PERSONAL NAME
Personal name Vijay Mittal
942 ## - ADDED ENTRY ELEMENTS (KOHA)
Koha item type Books
Holdings
Withdrawn status Lost status Damaged status Collection code Home library Current library Shelving location Date acquired Cost, normal purchase price Full call number Accession Number Koha item type Source of acquisition
      Reference KAUAET KAUAET Reference 07/12/2013 8000.00 551.523 MIT/EN 23977 Books  
      Non-fiction KAUAET KAUAET General Stacks 25/06/2016 8000.00 551.523 MIT/EN 23980 Books Cosmo Book House, Thrissur.
free website counter